1979 IEEE International Symposium on Applications of Ferroelectrics, 13-15 June 1979, Minneapolis, Minnesota, U.S.A. Part 1 /

Bibliographic Details
Corporate Authors: IEEE International Symposium on Applications of Ferroelectrics Minneapolis, Institute of Electrical and Electronics Engineers
Format: Conference Proceeding Book
Language:English
Published: [New York] : [Gordon and Breach], [1980?]
Subjects:

MARC

Tag First Indicator Second Indicator Subfields
LEADER 00000cam a2200000 a 4500
001 in00000095417
005 20150923173522.0
008 800520s1980 nyua b 10110 eng d
035 |a (OCoLC)06338153 
035 |9 AAK8058AM 
040 |a RRR  |c RRR  |d m.c.  |d TXA  |d UtOrBLW 
049 |a TXAM 
090 |a QC596  |b  I13 1979 
111 2 |a IEEE International Symposium on Applications of Ferroelectrics  |n (4th :  |d 1979 :  |c Minneapolis) 
245 1 0 |a 1979 IEEE International Symposium on Applications of Ferroelectrics, 13-15 June 1979, Minneapolis, Minnesota, U.S.A. Part 1 /  |c  sponsors, IEEE Group on Sonics and Ultrasonics [and others]. 
264 1 |a [New York] :  |b [Gordon and Breach],  |c [1980?] 
300 |a xii, 417 pages :  |b illustrations ;  |c 27 cm. 
336 |a text  |b txt  |2 rdacontent 
337 |a unmediated  |b n  |2 rdamedia 
338 |a volume  |b nc  |2 rdacarrier 
500 |a "Proceedings ... is being published in Ferroelectrics, Volumes 27 and 28." 
500 |a "79CH 1382-1." 
500 |a Bound by IEEE, with cover and spine title: IEEE 1979 applications of ferroelectrics. 
504 |a Includes bibliographical references and index. 
650 0 |a Ferroelectricity  |x Congresses. 
710 2 |a Institute of Electrical and Electronics Engineers. 
740 0 |a IEEE 1979 applications of ferroelectrics. 
999 |a MARS 
999 f f |s bd196ca3-8b3c-3eee-92a9-a510ea39a6ac  |i 0ff9c492-6667-31cd-908f-e47aa655e195  |t 0 
952 f f |p ric  |a Texas A&M University  |b Rellis Campus  |c Joint Library Facility  |d Remote Storage  |t 0  |e QC596 I13 1979  |h Library of Congress classification  |i unmediated -- volume  |m A14806022463 
998 f f |a QC596 I13 1979  |t 0  |l Remote Storage